Čína rastie nad očakávania

Saved in:
Bibliographic Details
Main Author: Baláž, Peter
Format: Book Chapter
Language:Slovak
English
Subjects:
Tags: Add Tag
No Tags, Be the first to tag this record!

MARC

LEADER 00000naa a2200000 4500
001 0249473
005 20240502074005.0
041 0 |a slo 
041 0 |a eng 
044 |a SK 
245 1 0 |a Čína rastie nad očakávania  |c Peter Baláž 
610 2 0 |a rast hospodársky 
610 2 0 |a investície 
610 2 0 |a veda 
610 2 0 |a vzdelávanie 
610 2 0 |a technológie nové 
610 2 0 |a Čína 
100 1 |a Baláž, Peter